000 01079cam a2200253 i 4500
003 SA-RiAUC
005 20260221134603.0
008 260217s1938 ua g 000r0 ara c
040 _aSA-RiAUC
_bara
_cSA-RiAUC
_erda
082 0 4 _a232.89
090 _aم ن 232.89
_bل ك ن
100 1 _aاللكنوي، محمد عبد الباقي الأنصاري،
_d1286-1364 هجري
_eمؤلف.
245 1 2 _aالمناهل السلسلة في الأحاديث المسلسلة /
_cمحمد عبد الباقي الأيوبي ؛ عني بتصحيحه محمد الدفتردار المدني.
264 1 _aالقاهرة :
_bمكتبة القدسي،
_c[1938]
300 _a230 صفحة ؛
_c29 سم
336 _aنص
_btxt
_2rdacontent
_3كتاب
337 _aبدون وسيط
_bn
_2rdamedia
338 _aمجلد
_bnc
_2rdacarrier
650 7 _aالحديث المسلسل
_2aucsh
650 7 _aالحديث
_xإسناد
_2aucsh
700 1 _aالمدني، محمد الدفتردار
_eمصحح.
942 _2ddc
_cRBOOK COPY
_n0
949 _aSA-JeALM
_d260217
_umohamedma123
_n1
999 _c14449
_d14449